Rozvoj Prahy a její aglomerace

Bibliographic Details
Main Author: Borovička, Blahomír, 1923-2004 (Author)
Format: Article
Language:Czech

MARC

LEADER 00000nab a2200000uu 4500
001 vtls011460823
003 SK-MaSNL
005 20260303151558.0
008 230222|1975 xo |||||||||||||||||cze|
015 |a SNBRB 
035 |a (urnnbn)urn:nbn:sk:snk:ar-a0acsf 
035 |a (uuid)19d95c5c-156c-4082-8fc3-e7e6cd284f0b 
035 |a urn:nbn:sk:snk-abcun2 
040 |a SNKBUCL  |b slo  |c SNKBUCL  |e AACR2 
041 0 |a cze 
044 |a xo  |c SK 
100 1 |a Borovička, Blahomír, 1923-2004  |4 aut  |9 348780 
245 1 0 |a Rozvoj Prahy a její aglomerace  |c Blahomír Borovička 
773 0 |t Životné prostredie : revue pre teóriu a starostlivosť o životné prostredie  |g Roč. 9, č. 1 (1975), s. 10-13 
958 |a OND 
958 |a EUIPO 
958 |a article16 
999 |c 2018445  |d 2020375